Connecting with culture : (Record no. 53776)

MARC details
000 -LEADER
fixed length control field 00943cam a2200277 a 4500
001 - CONTROL NUMBER
control field 16893522
003 - CONTROL NUMBER IDENTIFIER
control field OSt
005 - DATE AND TIME OF LATEST TRANSACTION
control field 20181108164336.0
008 - FIXED-LENGTH DATA ELEMENTS--GENERAL INFORMATION
fixed length control field 110728s2012 nyuab 000 0 eng
010 ## - LIBRARY OF CONGRESS CONTROL NUMBER
LC control number 2011029792
020 ## - INTERNATIONAL STANDARD BOOK NUMBER
International Standard Book Number 9780205741885 (pbk. : alk. paper)
020 ## - INTERNATIONAL STANDARD BOOK NUMBER
International Standard Book Number 0205741886 (alk. paper)
040 ## - CATALOGING SOURCE
Original cataloging agency DLC
Transcribing agency DLC
Modifying agency DLC
050 00 - LIBRARY OF CONGRESS CALL NUMBER
Classification number PE1417
Item number .B35 2012
082 00 - DEWEY DECIMAL CLASSIFICATION NUMBER
Classification number 808/.0427
Edition number 23
100 1# - MAIN ENTRY--PERSONAL NAME
Personal name Barnhisel, Greg,
Dates associated with a name 1969-
245 10 - TITLE STATEMENT
Title Connecting with culture :
Remainder of title readings for writers /
Statement of responsibility, etc [edited by] Greg Barnhisel.
250 ## - EDITION STATEMENT
Edition statement 1st ed.
260 ## - PUBLICATION, DISTRIBUTION, ETC. (IMPRINT)
Place of publication, distribution, etc Boston :
Name of publisher, distributor, etc Pearson Longman,
Date of publication, distribution, etc c2012.
300 ## - PHYSICAL DESCRIPTION
Extent xvi, 603 p. :
Other physical details ill., maps ;
Dimensions 23 cm.
650 #0 - SUBJECT ADDED ENTRY--TOPICAL TERM
Topical term or geographic name as entry element College readers.
650 #0 - SUBJECT ADDED ENTRY--TOPICAL TERM
Topical term or geographic name as entry element English language
General subdivision Rhetoric
-- Study and teaching (Higher)
906 ## - LOCAL DATA ELEMENT F, LDF (RLIN)
a 7
b cbc
c orignew
d 1
e ecip
f 20
g y-gencatlg
942 ## - ADDED ENTRY ELEMENTS (KOHA)
Source of classification or shelving scheme Library of Congress Classification
Koha item type Book
Holdings
Withdrawn status Lost status Source of classification or shelving scheme Damaged status Not for loan Collection code Home library Current library Shelving location Date acquired Source of acquisition Cost, normal purchase price Total Checkouts Full call number Barcode Copy number Price effective from Koha item type
    Library of Congress Classification     Non-fiction Nairobi Campus Nairobi Campus General Circulation 08/11/2018 donation-BFA 1783.00   PE1417 .B35 2012 060614 1 08/11/2018 Book